Statistics for NHL Logos for Defunct and Relocated Teams

Click here to take the quiz!

General Stats

  • This quiz has been taken 23 times
  • The average score is 14 of 19

Answer Stats

Answer% Correct
Cleveland Barons
91%
Minnesota North Stars
91%
Quebec Nordiques
91%
Winnipeg Jets
91%
Atlanta Flames
86%
Atlanta Thrashers
86%
Colorado Rockies
86%
Hartford Whalers
86%
California Golden Seals
77%
Kansas City Scouts
77%
Montreal Maroons
77%
Ottawa Senators
73%
Hamilton Tigers
68%
Philadelphia Quakers
64%
Pittsburgh Pirates
64%
Quebec Bulldogs
64%
Montreal Wanderers
59%
St. Louis Eagles
59%
Brooklyn Americans
50%

Score Distribution

Percentile by Number Answered

Percent of People with Each Score

Your Score History

You have not taken this quiz